| 000 | 00982 a2200229 4500 | ||
|---|---|---|---|
| 003 | Nust | ||
| 005 | 20230615105157.0 | ||
| 010 | _a 91134204 | ||
| 020 | _a0387973974 (Springer-Verlag New York Berlin Heidelberg) | ||
| 020 | _a3540973974 (Springer-Verlag Berlin Heidelberg New York) | ||
| 040 | _cNust | ||
| 082 | 0 | 0 | _a006.6,ROS |
| 245 | 0 | 0 |
_aMulti-media document translation : _bODA and the EXPRES project / _cJonathan Rosenberg ... [et al.]. |
| 260 |
_aNew York : _bSpringer-Verlag, _cc1991. |
||
| 300 |
_axxxii, 783 p. : _bill. ; _c24 cm. |
||
| 500 | _a | ||
| 505 | _aPart:I ODA and Document Interchange (Page-), Part-II-Introduction fo Toll kits (Page-243), Part-III The CMU ODA Tool Kit (Page-281), Part:IV The Raster Graphics Tool Kit (Page-513), Part:V References and Appendix(Page-575). | ||
| 650 | 0 |
_aMultimedia systems. _936511 |
|
| 650 | 0 |
_aText processing (Computer science) _9113132 |
|
| 700 | 1 |
_aRosenberg, Jonathan, _d1952- _9113133 |
|
| 942 |
_2ddc _cBKB |
||
| 999 |
_c176256 _d176256 |
||